| 000 | 00739cam a22002413a 4500 | ||
|---|---|---|---|
| 001 | 14825 | ||
| 003 | PGUSA | ||
| 005 | 20140828083322.0 | ||
| 008 | 050128s2005||||xxu|||||s|||||000 | eng d | ||
| 040 |
_aPGUSA _beng |
||
| 042 | _adc | ||
| 050 | 4 | _aE151 | |
| 100 | 1 |
_aOrth, Samuel Peter, _d1873-1922 |
|
| 245 | 1 | 0 |
_aOur Foreigners : _bA Chronicle of Americans in the Making _h[electronic resource] / _cSamuel Peter Orth |
| 260 |
_bProject Gutenberg, _c2005 |
||
| 506 | _aPublic domain in the USA. | ||
| 516 | _aElectronic text | ||
| 653 | _aImmigrants -- United States | ||
| 653 | _aUnited States -- Emigration and immigration | ||
| 830 | 0 |
_aProject Gutenberg _v14825 |
|
| 856 | 4 | 0 | _uhttp://www.gutenberg.org/ebooks/14825 |
| 942 | _cEB | ||
| 999 |
_c244080 _d244080 |
||